000 00475nam a2200157 i 4500
001 42254
003 ES-MaACL
005 20230906160557.0
007 t|
008 030313s1971 sp ||||1| spa d
100 1 _aCastillo, José M.
_936698
245 1 1 _a¿Hacia donde vá el clero?
_b: cinco cuestiones candentes /
_cJosé M. Castillo.
260 _aMadrid :
_bPropaganda Popular Católica,
_c[1971]
300 _a148 p. ;
_c19 cm.
852 _aES-MaACL
_jC-45292
_bR.78932
999 _c42254
_d42254